000 00323nam a2200121Ia 4500
005 20260326235448.0
008 260326s9999||||xx |||||||||||||| ||und||
100 _aBorn, Esther
245 4 _aThe New Architecture in Mexico /
_cEsther Born
260 _bWilliam Morrow and Co.
650 _aARQUITECTURA REGIONAL
942 _cBK
999 _c7667
_d7667